| 000 -LEADER |
| fixed length control field |
01829 a2200289 4500 |
| 003 - CONTROL NUMBER IDENTIFIER |
| control field |
Nust |
| 005 - DATE AND TIME OF LATEST TRANSACTION |
| control field |
20220817130349.0 |
| 010 ## - LIBRARY OF CONGRESS CONTROL NUMBER |
| LC control number |
2004058936 |
| 020 ## - INTERNATIONAL STANDARD BOOK NUMBER |
| International Standard Book Number |
038723148X (alk. paper) |
| 040 ## - CATALOGING SOURCE |
| Transcribing agency |
Nust |
| 082 00 - DEWEY DECIMAL CLASSIFICATION NUMBER |
| Classification number |
621.3821,MOB |
| 245 10 - TITLE STATEMENT |
| Title |
Mobile and wireless communication networks : |
| Remainder of title |
IFIP TC6/WG6.8 Conference on Mobile and Wireless Communication Networks (MWCN 2004), October 25-27, 2004, Paris, France / |
| Statement of responsibility, etc. |
edited by Elizabeth M. Belding-Royer, Khaldoun Al Agha, Guy Pujolle. |
| 260 ## - PUBLICATION, DISTRIBUTION, ETC. |
| Place of publication, distribution, etc. |
New York : |
| Name of publisher, distributor, etc. |
Springer, |
| Date of publication, distribution, etc. |
2005. |
| 300 ## - PHYSICAL DESCRIPTION |
| Extent |
508 p. : |
| Other physical details |
ill. ; |
| Dimensions |
24 cm. |
| 490 1# - SERIES STATEMENT |
| Series statement |
International federation for Information Processing ; |
| Volume/sequential designation |
162 |
| 505 ## - FORMATTED CONTENTS NOTE |
| Formatted contents note |
Understanding the interactions (Page-1), Cross layer simulation and optimization for mobile (Page-13), Improving TCP performance (Page-23), TCP performances in a hybrid broadcast (Page-35), Handoff notification in wireless (Page-47), Integrated reconfiguration management for the support of end (Page-119), Optimization for pilot power (Page-191), Short term fairness of 802.11 (Page-263), Randomizes routing algorithms (Page-347), Space and time curvator (Page-419), Energy efficient reliable path (Page-485), Minimum power symmetric (Page-497). |
| 650 #0 - SUBJECT ADDED ENTRY--TOPICAL TERM |
| Topical term or geographic name entry element |
Mobile communication systems |
| 9 (RLIN) |
18556 |
| 650 #0 - SUBJECT ADDED ENTRY--TOPICAL TERM |
| Topical term or geographic name entry element |
Telecommunication Engineering |
| 700 1# - ADDED ENTRY--PERSONAL NAME |
| Personal name |
Al Agha, Khaldoun. |
| 9 (RLIN) |
97791 |
| 700 1# - ADDED ENTRY--PERSONAL NAME |
| Personal name |
Belding-Royer, Elizabeth M. |
| 9 (RLIN) |
97792 |
| 700 1# - ADDED ENTRY--PERSONAL NAME |
| Personal name |
Pujolle, G., |
| Dates associated with a name |
1949- |
| 9 (RLIN) |
97793 |
| 710 2# - ADDED ENTRY--CORPORATE NAME |
| Corporate name or jurisdiction name as entry element |
International Federation for Information Processing. |
| 9 (RLIN) |
97794 |
| 830 #0 - SERIES ADDED ENTRY--UNIFORM TITLE |
| Uniform title |
International Federation for Information Processing (Series) ; |
| 9 (RLIN) |
86778 |
| 856 42 - ELECTRONIC LOCATION AND ACCESS |
| Materials specified |
Publisher description |
| Uniform Resource Identifier |
<a href="http://www.loc.gov/catdir/enhancements/fy0819/2004058936-d.html">http://www.loc.gov/catdir/enhancements/fy0819/2004058936-d.html</a> |
| 856 42 - ELECTRONIC LOCATION AND ACCESS |
| Materials specified |
Table of contents only |
| Uniform Resource Identifier |
<a href="http://www.loc.gov/catdir/enhancements/fy0819/2004058936-t.html">http://www.loc.gov/catdir/enhancements/fy0819/2004058936-t.html</a> |
| 942 ## - ADDED ENTRY ELEMENTS (KOHA) |
| Koha item type |
Reference |
| Source of classification or shelving scheme |
|